Normal view
MARC view
- Khan, Zahra Ameer
Entry Personal Name
001 - CONTROL NUMBER
- control field: 130655
003 - CONTROL NUMBER IDENTIFIER
- control field: NUST
005 - DATE AND TIME OF LATEST TRANSACTION
- control field: 20250923161521.0
008 - FIXED-LENGTH DATA ELEMENTS
- fixed length control field: 250923|| aca||aabn | a|a d
040 ## - CATALOGING SOURCE
- Original cataloging agency: NUST
- Transcribing agency: NUST
100 ## - HEADING--PERSONAL NAME
- Personal name: Khan, Zahra Ameer
670 ## - SOURCE DATA FOUND
- Source citation: Work cat.: (NUST): Khan, Zahra Ameer, Exploring the Multilevel factors Influencing Women’s choices and utilization of Family Planning Services in Rawalpindi City, Pakistan: A Grounded Theory Approach/
